000
00330nam a2200145Ia 4500
008
150301s2015 xx 000 0 und d
082
_a
615.19
_b
C15D
100
_a
J. DHARUMAN
245
_a
CHEMISTRY OF SYNTHATIC DNUGS
250
_a
3RD
260
_b
AITBS DELHI
300
_a
312
650
_a
PHARMACEUTICS
942
_2
ddc
_c
BK
999
_c
7214
_d
7214